Back to the Future Quiz - Statistics

General Stats
  • This quiz has been taken 120 times
  • The average score is 5 of 8
Answer Stats
Hint Answer % Correct
What is the name of Doc Brown's dog in 1985? Einstein
93%
What is Marty known as in Part 3? Clint Eastwood
84%
At what time does the lightning bolt strike the clock tower in 1955? 10:04 pm
65%
Who was originally going to play Marty McFly before Micael J Fox? Eric Stoltz
57%
What is the surname of Clara in Part 3? Clayton
54%
Who is the actor of Jennifer Parker in Part 1? Claudia Wells
47%
What day do Marty and Doc travel to in Part 2? Wednesday 21st October 2015
42%
Who is the actor of Strickland? James Tolkan
16%
No matching quizzes found
Score Distribution
Percent of People with Each Score
Percentile by Number Answered
Your Score History
You have not taken this quiz